<?xml version="1.0" encoding="UTF-8"?><marc:collection xmlns:marc="http://www.loc.gov/MARC21/slim">
  <marc:record>
    <marc:leader>00000nam##2200000za#4500</marc:leader>
    <marc:controlfield tag="001">9.602880</marc:controlfield>
    <marc:controlfield tag="003">CaOODSP</marc:controlfield>
    <marc:controlfield tag="005">20240212134142</marc:controlfield>
    <marc:controlfield tag="007">cr |||||||||||</marc:controlfield>
    <marc:controlfield tag="008">150406|1997||||xxc|||||o    f|0| 0 fre|d</marc:controlfield>
    <marc:datafield tag="040" ind1=" " ind2=" ">
      <marc:subfield code="a">CaOODSP</marc:subfield>
      <marc:subfield code="b">fre</marc:subfield>
    </marc:datafield>
    <marc:datafield tag="043" ind1=" " ind2=" ">
      <marc:subfield code="a">n-cn---</marc:subfield>
    </marc:datafield>
    <marc:datafield tag="086" ind1="1" ind2=" ">
      <marc:subfield code="a">NE22-1/1997-9F-PDF</marc:subfield>
    </marc:datafield>
    <marc:datafield tag="110" ind1="1" ind2=" ">
      <marc:subfield code="a">Canada. </marc:subfield>
      <marc:subfield code="b">Office national de l'énergie.</marc:subfield>
    </marc:datafield>
    <marc:datafield tag="245" ind1="1" ind2="0">
      <marc:subfield code="a">Motifs de décision relativement à Compagnie de pétroles Amoco Canada Ltée au nom de Dome Kerrobert Pipeline Ltd. et de PanCanadian Kerrobert Pipeline Ltd. : </marc:subfield>
      <marc:subfield code="h">[ressource électronique]</marc:subfield>
      <marc:subfield code="b">demande daté du 9 avril 1997 visant l'agrandissement du pipeline d'Empress à Kerrobert </marc:subfield>
    </marc:datafield>
    <marc:datafield tag="246" ind1="1" ind2=" ">
      <marc:subfield code="i">Titre de renvoi : </marc:subfield>
      <marc:subfield code="a">Compagnie de pétroles Amoco Canada Ltée au nom de Dome Kerrobert Pipeline Ltd. et de PanCanadian Kerrobert Pipeline Ltd.</marc:subfield>
    </marc:datafield>
    <marc:datafield tag="260" ind1=" " ind2=" ">
      <marc:subfield code="a">Calgary - Alberta : </marc:subfield>
      <marc:subfield code="b">Office national de l'énergie </marc:subfield>
      <marc:subfield code="c">Juillet 1997.</marc:subfield>
    </marc:datafield>
    <marc:datafield tag="300" ind1=" " ind2=" ">
      <marc:subfield code="a">28p.</marc:subfield>
      <marc:subfield code="b">carte</marc:subfield>
    </marc:datafield>
    <marc:datafield tag="490" ind1="1" ind2=" ">
      <marc:subfield code="a">Motifs de décision</marc:subfield>
      <marc:subfield code="v">OH-1-97</marc:subfield>
    </marc:datafield>
    <marc:datafield tag="500" ind1=" " ind2=" ">
      <marc:subfield code="a">Le nº de catalogue (NE22-1/1997-9F) et l'ISBN (0-662-82186-6) de l'édition imprimée ont été incorrectement copiés dans cette édition électronique.</marc:subfield>
    </marc:datafield>
    <marc:datafield tag="590" ind1=" " ind2=" ">
      <marc:subfield code="a">12-09-Supp</marc:subfield>
      <marc:subfield code="b">2012-03-21</marc:subfield>
    </marc:datafield>
    <marc:datafield tag="775" ind1="0" ind2="8">
      <marc:subfield code="t">Reasons for decision in the matter of Amoco Canada Petroleum Company Ltd. on behalf of Dome Kerrobert Pipeline Ltd. and PanCanadian Kerrobert Pipeline Ltd. : </marc:subfield>
      <marc:subfield code="w">(CaOODSP)9.572533</marc:subfield>
    </marc:datafield>
    <marc:datafield tag="776" ind1="0" ind2="#">
      <marc:subfield code="t">Relativement à Compagnie de pétroles Amoco Canada Ltée au nom de Dome Kerrobert Pipeline Ltd. et de PanCanadian Kerrobert Pipeline Ltd. : </marc:subfield>
      <marc:subfield code="w">(CaOODSP)9.624443</marc:subfield>
    </marc:datafield>
    <marc:datafield tag="830" ind1="#" ind2="0">
      <marc:subfield code="a">Motifs de décision (Canada. Office national de l'énergie)</marc:subfield>
      <marc:subfield code="v">OH-1-97</marc:subfield>
      <marc:subfield code="w">(CaOODSP)9.500899</marc:subfield>
    </marc:datafield>
    <marc:datafield tag="856" ind1="4" ind2="0">
      <marc:subfield code="a">http://publications.gc.ca</marc:subfield>
      <marc:subfield code="q">PDF</marc:subfield>
      <marc:subfield code="s">157 Ko</marc:subfield>
      <marc:subfield code="u">https://publications.gc.ca/collections/Collection/NE22-1-1997-9F.pdf</marc:subfield>
      <marc:subfield code="y">OH-1-97</marc:subfield>
    </marc:datafield>
  </marc:record>
</marc:collection>
